LEADER 00833nam0 2200277 450 001 000001785 005 20080709161722.0 010 $a0-88318-712-4 100 $a20000926d1992----km-y0itay50------ba 101 0 $aeng 102 $aUS 200 1 $aPhysics of climate$fJosé P. Peixoto and Abraham H. Oort$gforeword by Edward N. Lorenz 210 $aNew York$cSpringer-Verlag$d1992 215 $aXXXIX, 520 p.$cill.$d25 cm 307 $aSeguono: appendici 610 1 $aClimatologia 610 1 $aFisica dell'atmosfera 676 $a551.6 700 1$aPeixoto,$bJosé P.$0502988 701 1$aOort,$bAbraham H.$0502989 702 1$aLorenz,$bEdward N. 801 0$aIT$bUNIPARTHENOPE$gRICA$2UNIMARC 912 $a000001785 951 $cPIST$aP1 551-P/7$b33847$d20001006 996 $aPhysics of climate$9712060 997 $aUNIPARTHENOPE LEADER 01049nam0-2200337---450- 001 990005789740403321 005 20100107115732.0 035 $a000578974 035 $aFED01000578974 035 $a(Aleph)000578974FED01 035 $a000578974 100 $a19990604e19691792km-y0itay50------ba 101 0 $ager 102 $aBE 105 $ay-------001yy 200 1 $aKritische Theorie der Offenbarung$enebst Berichtigung der Schrift : Christus und die Vernunft$f[J. G. E. Maass] 210 $aBruxelles$cCulture et Civilisation$d1969 215 $aVIII, 340 p.$d19 cm 225 1 $aAetas Kantiana$v165 324 $aRipr. facs. dell'ed.: Halle : Michaelis und Bispink, 1792 610 0 $aRagione 610 0 $aRivelazione 676 $a121.3 700 1$aMaass,$bJohann Gebhard Ehrenreich$f<1766-1823>$0220503 801 0$aIT$bUNINA$gRICA$2UNIMARC 901 $aBK 912 $a990005789740403321 952 $aP.1 FG 1772$bBIBL. 2539$fFLFBC 959 $aFLFBC 996 $aKritische Theorie der Offenbarung$9569053 997 $aUNINA